00776nam a2200181 a 450000100100000000500170001000800410002704000250006810000420009324501170013526001250025230000200037749000220039750000250041983000280044495201050047299900170057700003184720240304144221.0110706s1995 dr 000 0 spa d aDO-SdBNPbspacBNPHU1 aCáceres Ureña, Francisco I.9769510aEstado del conocimiento sobre la mortalidad materna en la República Dominicana /cFrancisco Cáceres Ureña. aSanto Domingo, :bInstituto de Estudios de Población y DesarrollobFondo de población de las naciones unidas,c1995. a58 p. ;c29 cm.1 aMonográficav07 aTexto a dos columnas 0aMonográficav0798347 0010718PDaPDbPDcHDd2011-07-06iLF1l0o p31847-10r2020-06-25w2020-06-25yLFPDZNo se presta c31339d31339